[Event "Benidorm op-B"]
[Site "Benidorm"]
[Date "2022.12.06"]
[Round "4"]
[White "Gukasov, Artem"]
[Black "Ruiz Ureta, Ernesto"]
[Result "1/2-1/2"]
[WhiteElo "1788"]
[BlackElo "1937"]
[PlyCount "81"]
[EventDate "2022.12.03"]
[EventType "swiss"]
[EventRounds "9"]
[EventCountry "ESP"]
[SourceTitle "CBM 212 Extra"]
[Source "ChessBase"]
[SourceDate "2023.03.31"]
[SourceVersion "1"]
[SourceVersionDate "2023.03.31"]
[SourceQuality "1"]

1. g4 d5 2. Bg2 c6 3. g5 e5 4. d4 e4 5. f3 f5 6. gxf6 Nxf6 7. fxe4 Nxe4 8. Nf3 Bd6 9. Nbd2 0-0 10. Nxe4 dxe4 11. Ng5 Bf4 12. Bxf4 Rxf4 13. h4 Rxh4 14. Rxh4 Qxg5 15. Rxe4 Bf5 16. Qd3 Bxe4 17. Qxe4 Na6 18. e3 Qg3+ 19. Ke2 Nc7 20. Rf1 Qd6 21. Qf4 Qxf4 22. Rxf4 Re8 23. c4 Ne6 24. Re4 Nc7 25. d5 cxd5 26. Rxe8+ Nxe8 27. Bxd5+ Kf8 28. Bxb7 Ke7 29. b4 Nd6 30. Bd5 Kf6 31. b5 Ke5 32. Bg8 h5 33. c5 Ne4 34. Kd3 h4 35. c6 h3 36. c7 Nd6 37. Bh7 h2 38. Be4 Nxe4 39. c8Q h1Q 40. Qe8+ Kf5 41. Qd7+ 1/2-1/2

[Event "Benidorm op U2000 07th"]
[Site "Benidorm"]
[Date "2008.12.02"]
[Round "4"]
[White "Ruiz Ureta, Ernesto"]
[Black "Olmos Rosa, Fernando"]
[Result "1-0"]
[WhiteElo "1993"]
[BlackElo "1875"]
[PlyCount "35"]
[EventDate "2008.11.29"]
[EventType "swiss"]
[EventRounds "9"]
[EventCountry "ESP"]
[SourceTitle "CBM 127 Extra"]
[Source "ChessBase"]
[SourceDate "2009.01.08"]
[SourceVersion "2"]
[SourceVersionDate "2009.01.28"]
[SourceQuality "1"]

1. e4 Nf6 2. e5 Nd5 3. d4 d6 4. Nf3 g6 5. Bc4 c6 6. a4 Bg4 7. Nbd2 e6 8. Ne4 Bxf3 9. Qxf3 dxe5 10. Bxd5 cxd5 11. Nf6+ Ke7 12. dxe5 Qa5+ 13. Bd2 Qc5 14. Bg5 Qc6 15. Nxd5+ Ke8 16. Nf6+ Ke7 17. 0-0-0 Bh6 18. Qa3+ 1-0

[Event "Benidorm op U2000 07th"]
[Site "Benidorm"]
[Date "2008.12.01"]
[Round "3"]
[White "Garcia Domingo, Jose Antonio"]
[Black "Ruiz Ureta, Ernesto"]
[Result "1-0"]
[WhiteElo "1938"]
[BlackElo "1993"]
[PlyCount "69"]
[EventDate "2008.11.29"]
[EventType "swiss"]
[EventRounds "9"]
[EventCountry "ESP"]
[SourceTitle "CBM 127 Extra"]
[Source "ChessBase"]
[SourceDate "2009.01.08"]
[SourceVersion "2"]
[SourceVersionDate "2009.01.28"]
[SourceQuality "1"]

1. e4 c5 2. Nf3 Nc6 3. c4 g6 4. d4 cxd4 5. Nxd4 Bg7 6. Be3 Nf6 7. Nc3 d6 8. Be2 0-0 9. 0-0 Bd7 10. Qd2 Nxd4 11. Bxd4 Bc6 12. f3 a5 13. Nd5 Nd7 14. Bf2 Nc5 15. Rab1 Bxd5 16. exd5 Qb6 17. b3 Qb4 18. Rfd1 Rfe8 19. Qc2 e5 20. dxe6 Rxe6 21. Rd5 Rae8 22. Bf1 b6 23. Rbd1 a4 24. bxa4 Nxa4 25. Rb5 Qa3 26. Rb3 Qxb3 27. Qxb3 Nc3 28. Rd3 Ne2+ 29. Bxe2 Rxe2 30. Re3 R8xe3 31. Bxe3 Rb2 32. Qa4 Bc3 33. Bh6 Bd4+ 34. Kf1 f6 35. Qe8# 1-0

[Event "Benidorm op 21st"]
[Site "Benidorm"]
[Date "2008.04.25"]
[Round "1"]
[White "Ruiz Ureta, Ernesto"]
[Black "Maze, Sebastien"]
[Result "0-1"]
[WhiteElo "1999"]
[BlackElo "2565"]
[PlyCount "81"]
[EventDate "2008.04.25"]
[EventType "swiss"]
[EventRounds "10"]
[EventCountry "ESP"]
[SourceTitle "CBM 123 Extra"]
[Source "ChessBase"]
[SourceDate "2008.05.06"]
[SourceVersion "1"]
[SourceVersionDate "2008.05.06"]
[SourceQuality "1"]

1. e4 c5 2. Nf3 Nc6 3. d4 cxd4 4. Nxd4 g6 5. Nc3 Bg7 6. Be3 Nf6 7. Nxc6 bxc6 8. e5 Ng8 9. Bd4 f6 10. f4 Nh6 11. exf6 Bxf6 12. Bxf6 exf6 13. Qe2+ Kf7 14. 0-0-0 d5 15. h3 Re8 16. Qf3 Nf5 17. Bd3 Qb6 18. Rhe1 Bd7 19. Bxf5 Bxf5 20. g4 Bd7 21. Ne4 Qc7 22. Nc5 Qd6 23. Qf2 Rab8 24. Ne4 Qb4 25. c3 Qf8 26. Qxa7 Red8 27. Qc7 Kg8 28. g5 Rbc8 29. Qa7 fxg5 30. Rf1 gxf4 31. Ng5 h6 32. Nf3 Bxh3 33. Rg1 Bf5 34. Ne5 g5 35. Qd4 Qg7 36. Rde1 Be4 37. Rxe4 dxe4 38. Qc4+ Kf8 39. Qxe4 Re8 40. Ng6+ Kf7 41. Ne5+ 0-1

[Event "Benidorm op U2000 06th"]
[Site "Benidorm"]
[Date "2007.??.??"]
[Round "2"]
[White "Ruiz Ureta, Ernesto"]
[Black "Tonus, Alex"]
[Result "1-0"]
[WhiteElo "1995"]
[BlackElo "1910"]
[PlyCount "111"]
[EventDate "2007.11.??"]
[EventType "swiss"]
[EventRounds "9"]
[EventCountry "ESP"]
[SourceTitle "EXT 2010"]
[Source "ChessBase"]
[SourceDate "2010.11.25"]
[SourceVersion "1"]
[SourceVersionDate "2010.11.25"]
[SourceQuality "1"]

1. e4 c5 2. Nf3 d6 3. d4 cxd4 4. Nxd4 Nf6 5. Nc3 a6 6. Bg5 e6 7. f4 Be7 8. Qf3 Qc7 9. 0-0-0 Nbd7 10. g4 b5 11. Bxf6 Nxf6 12. g5 Nd7 13. f5 Nc5 14. f6 gxf6 15. gxf6 Bf8 16. Rg1 b4 17. Nd5 exd5 18. exd5 Nd7 19. Re1+ Ne5 20. Nc6 Bb7 21. Bh3 h5 22. Qf5 Bxc6 23. dxc6 Kd8 24. Rxe5 dxe5 25. Rd1+ Ke8 26. Rd7 Bh6+ 27. Kb1 Rd8 28. Qxh5 Rxd7 29. cxd7+ Kd8 30. Qxf7 Qd6 31. a3 bxa3 32. Qc4 Qxf6 33. Qc8+ Ke7 34. Qb7 Rd8 35. Qb4+ Qd6 36. Qh4+ Qf6 37. Qb4+ Kf7 38. Qb3+ Kf8 39. Qxa3+ Kg8 40. Qb3+ Kh8 41. Qd3 Bg7 42. Qe4 Qf4 43. Qe2 Qh6 44. Bg4 Qf6 45. Qe4 Qf4 46. Qg2 e4 47. Qh3+ Qh6 48. Qg2 Qf6 49. Qh3+ Qh6 50. Qg2 Rb8 51. c3 Qe3 52. Ka2 Qd3 53. Be6 Qf3 54. Qg5 Rxb2+ 55. Ka1 Rb8 56. Qh4+ 1-0